Transnational Social Policies : The New Development Challenges of Globalization (Record no. 645)

MARC details
005 - DATE AND TIME OF LATEST TRANSACTION
control field 20250314143241.0
020 ## - INTERNATIONAL STANDARD BOOK NUMBER
International Standard Book Number 0-88936-854-6
082 ## - DEWEY DECIMAL CLASSIFICATION NUMBER
Classification number 338.909 MOR
245 ## - TITLE STATEMENT
Title Transnational Social Policies : The New Development Challenges of Globalization
260 ## - PUBLICATION, DISTRIBUTION, ETC.
Place of publication, distribution, etc. Ottawa,
Name of publisher, distributor, etc. International Development Research Centre,
Date of publication, distribution, etc. 1999.
300 ## - PHYSICAL DESCRIPTION
Extent viii 221p.: table
Other physical details bibliography
Dimensions 22cm.
700 ## - ADDED ENTRY--PERSONAL NAME
Other authors/Editors MORALES-GOMEZ, D.
942 ## - ADDED ENTRY ELEMENTS (KOHA)
Source of classification or shelving scheme Dewey Decimal Classification
Koha item type Books
Holdings
Date last seen Total checkouts Full call number Barcode Cost, replacement price Price effective from Koha item type Lost status Source of classification or shelving scheme Damaged status Not for loan Withdrawn status Home library Current library Shelving location Date acquired Cost, normal purchase price
03/14/2025   338.909 0000002610 60000.00 03/14/2025 Books   Dewey Decimal Classification       College of Business Education Main Library College of Business Education Main Library General Collection 03/14/2025 20000.00
03/14/2025   338.909 0000002611 60000.00 03/14/2025 Books   Dewey Decimal Classification       College of Business Education Main Library College of Business Education Main Library General Collection 03/14/2025 20000.00
03/14/2025   338.909 0000002612 60000.00 03/14/2025 Books   Dewey Decimal Classification       College of Business Education Main Library College of Business Education Main Library General Collection 03/14/2025 20000.00
03/14/2025   338.909 0000002613 60000.00 03/14/2025 Books   Dewey Decimal Classification       College of Business Education Main Library College of Business Education Main Library General Collection 03/14/2025 20000.00
03/14/2025   338.909 0000002614 60000.00 03/14/2025 Books   Dewey Decimal Classification       College of Business Education Main Library College of Business Education Main Library General Collection 03/14/2025 20000.00